| 000 | nam a22 a 4500 | ||
|---|---|---|---|
| 999 |
_c60171 _d60171 |
||
| 003 | BLK | ||
| 005 | 20221014152651.0 | ||
| 008 | 180408b bul|||||r ||||||| ||bul|| | ||
| 040 | _aBLK | ||
| 041 |
_aBUL _cBUL |
||
| 080 |
_aТехника. Технически науки _b62 _x.001.2(035) _z62.001.2(035) |
||
| 100 | 1 |
_aСлодови, Адам _eпърви автор _9121509 |
|
| 139 | _aСлодови, Адам | ||
| 245 | 1 | 0 |
_aОбичаш ли да майсториш? _bРъководство за младия конструктор _cАдам Слодови; прев. от пол. Тодор Попов. |
| 257 | _aPOL | ||
| 260 |
_aСофия _bТехника _c1976 |
||
| 300 |
_a415 с. _bс ил. _c22 см |
||
| 380 | _a62 | ||
| 500 | _aОриг. загл. Lubie majsterkowac | ||
| 650 | 4 |
_aКонструиране _9159219 |
|
| 653 | 7 |
_9189080 _aконструкции |
|
| 700 | 1 |
_aПопов, Тодор _eпрев. от пол. _9368444 |
|
| 852 |
_aЦб 80902 _bЦб |
||
| 856 | 4 |
_qpdf _i0.00 _ldisable |
|
| 942 |
_cKNG _n0 _s1 |
||
| 944 |
_aCR _c13.06.2004 _kЧиталня |
||
| 944 |
_aED _c2022-10-14 _kСТ |
||